000
00328nam a22001577a 4500
003
SGT
020
_a
9789352705474
082
_a
616.07
_b
P21M
100
_a
MOHAN, HARSH
245
_a
TB. OF PATHOLOGY
250
_a
8TH
260
_a
INDIA
_b
JAPEE PUB
_c
2021
300
_a
1010
650
_a
PATHOLOGY
942
_2
ddc
_c
BK
_0
206
999
_c
21006
_d
21006